[Event "Ostravský koník 2014 - FIDE Open B"]
[Site "Ostrava, CZE"]
[Date "2014.04.27"]
[Round "2"]
[White "Szabó, Pavel"]
[Black "Melecký, Jaroslav"]
[Result "0-1"]
[WhiteElo "1720"]
[BlackElo "1973"]
[PlyCount "216"]

1. d4 d5 2. Bf4 Nf6 3. e3 c6 4. Bd3 Qb6 5. b3 Bg4 6. f3 Bh5 7. Ne2 e6 8. O-O
Be7 9. c4 Nbd7 10. c5 Qd8 11. Nbc3 Bg6 12. h3 Nh5 13. Bh2 O-O 14. f4 Bxd3 15.
Qxd3 g6 16. Rad1 Ng7 17. e4 dxe4 18. Nxe4 Nf6 19. N4c3 Nd5 20. Nxd5 Qxd5 21.
Nc3 Qd7 22. Ne4 Rad8 23. Kh1 Nf5 24. Bg1 Qd5 25. Nc3 Qd7 26. Ne4 Qc7 27. Qf3
Rd7 28. Rd2 Qd8 29. Rfd1 Ng7 30. g3 f5 31. Nc3 Bxc5 32. Na4 Be7 33. Rd3 Qa5 34.
Qe2 Rfd8 35. Nc3 Bb4 36. Nb1 Rd5 37. Qb2 R5d7 38. a3 Be7 39. b4 Qc7 40. Nc3 Bf6
41. Ne2 b6 42. Qc2 Be7 43. Nc1 Rd5 44. Nb3 Qd7 45. Nc1 a5 46. bxa5 Rxa5 47. a4
Rda8 48. Qb3 Qb7 49. d5 cxd5 50. Qxb6 Qxb6 51. Bxb6 Rxa4 52. Bc7 Bf6 53. Nb3
Rc4 54. Ba5 Rac8 55. Be1 Rc2 56. Nd4 Bxd4 57. Rxd4 Rc1 58. R4d3 R8c2 59. Bb4
Nh5 60. Rxc1 Rxc1+ 61. Kg2 Nf6 62. Bd6 Rc2+ 63. Kf1 Ne4 64. Be5 Nd2+ 65. Ke1
Nc4 66. Bd4 Rc1+ 67. Ke2 Rb1 68. Rf3 Kf7 69. h4 Ke7 70. Rd3 Kd6 71. Bg7 h5 72.
Bf8+ Kc6 73. Bg7 Kb5 74. Bf6 Ka4 75. Bd4 Rb3 76. Bc3 d4 77. Bxd4 Rxd3 78. Kxd3
Kb5 79. Bf2 Nd6 80. Be1 Kc5 81. Bf2+ Kd5 82. Be1 Ne4 83. Ke3 Kc4 84. Kf3 Kd3
85. Bb4 Nf6 86. Bc5 Nd5 87. Bg1 Nc3 88. Bb6 Ne2 89. Bf2 Nc3 90. Bb6 Ne4 91. Ba5
Nc5 92. Bb6 Nb3 93. Be3 Nd4+ 94. Bxd4 Kxd4 95. Ke2 Ke4 96. Kf2 e5 97. fxe5 Kxe5
98. Ke3 Ke6 99. Kf3 Kf7 100. Ke3 Ke7 101. Kf3 Ke6 102. Ke3 Ke5 103. Kf3 f4 104.
gxf4+ Kf5 105. Ke3 Kg4 106. Ke4 Kxh4 107. f5 gxf5+ 108. Kxf5 Kg3 0-1

[Event "Ostravský koník 2014 - FIDE Open B"]
[Site "Ostrava, CZE"]
[Date "2014.04.27"]
[Round "2"]
[White "Malinovský, Petr"]
[Black "Rychtecký, Pavel"]
[Result "1-0"]
[WhiteElo "1969"]
[BlackElo "1717"]
[PlyCount "73"]

1. d4 Nf6 2. c4 e6 3. Nc3 Bb4 4. f3 d5 5. a3 Bxc3+ 6. bxc3 O-O 7. cxd5 exd5 8.
e3 Nbd7 9. Bd3 c5 10. Ne2 Re8 11. O-O Nf8 12. Ng3 a6 13. Bb1 Qb6 14. Kh1 Bd7
15. e4 cxd4 16. cxd4 h6 17. e5 N6h7 18. f4 f6 19. Ba2 Bc6 20. Rb1 Qd8 21. Nf5
Qd7 22. Nd6 Re6 23. Qf3 Rxd6 24. exd6 Qxd6 25. f5 Ng5 26. Bxg5 hxg5 27. Rfe1
Rd8 28. Rb3 g6 29. Rbe3 Rd7 30. fxg6 Kg7 31. Bb1 Qf4 32. Qh5 Qh4 33. Re7+ Kg8
34. Qxh4 gxh4 35. Bf5 Rd6 36. g7 Nd7 37. R1e6 1-0

[Event "Ostravský koník 2014 - FIDE Open B"]
[Site "Ostrava, CZE"]
[Date "2014.04.27"]
[Round "2"]
[White "Kabelka, Ondrej"]
[Black "Kula, Dominik"]
[Result "0-1"]
[WhiteElo "1697"]
[BlackElo "1968"]
[PlyCount "78"]

1. d4 f5 2. Nf3 Nf6 3. Bf4 g6 4. e3 Bg7 5. Bc4 d5 6. Bd3 O-O 7. O-O c5 8. Nc3
Nc6 9. h3 Nh5 10. Bh2 cxd4 11. exd4 f4 12. Be2 Bf5 13. Ne5 Nxe5 14. dxe5 e6 15.
Bxh5 gxh5 16. Re1 Qg5 17. Kh1 Rac8 18. Rc1 Kh8 19. Nb5 Rg8 20. Qd2 Bxe5 21. f3
Bb8 22. Nd4 Rg6 23. Rg1 Rd8 24. Rcd1 e5 25. Ne2 h4 26. Qa5 Rgd6 27. Nc3 Qg8 28.
Rd2 Be6 29. Rgd1 Ra6 30. Qc5 Qf7 31. Bg1 Rb6 32. Qa3 d4 33. Ne4 Bd5 34. c3 Ra6
35. Qb4 Bc7 36. Qb5 Bc4 37. Qc5 b5 38. cxd4 Rd5 39. Ng5 Qg7 0-1

[Event "Ostravský koník 2014 - FIDE Open B"]
[Site "Ostrava, CZE"]
[Date "2014.04.27"]
[Round "2"]
[White "Kopta, Jirí"]
[Black "Kusák, Lubomír"]
[Result "1-0"]
[WhiteElo "1960"]
[BlackElo "1685"]
[PlyCount "63"]

1. e4 d5 2. exd5 Qxd5 3. Nc3 Qa5 4. d4 Nf6 5. Nf3 Bg4 6. h3 Bf5 7. Ne5 c6 8. g4
Be4 9. Nc4 Qc7 10. Nxe4 Nxe4 11. Qf3 Nf6 12. Bf4 Qd8 13. O-O-O h6 14. Qb3 b5
15. Ne3 e6 16. Bg2 Bd6 17. Be5 O-O 18. h4 Nd5 19. Nxd5 exd5 20. Qg3 Be7 21. Bc7
Qc8 22. g5 h5 23. Bh3 Nd7 24. Rhe1 Re8 25. g6 Bxh4 26. Rxe8+ Qxe8 27. gxf7+
Qxf7 28. Qxh4 Nf6 29. Be5 Nh7 30. f4 Kf8 31. Rg1 g6 32. Qg3 1-0

[Event "Ostravský koník 2014 - FIDE Open B"]
[Site "Ostrava, CZE"]
[Date "2014.04.27"]
[Round "2"]
[White "Repák, Jan"]
[Black "Petrov, Bogoljub"]
[Result "0-1"]
[WhiteElo "1679"]
[BlackElo "1953"]
[PlyCount "88"]

1. Nf3 Nf6 2. g3 g6 3. c4 Bg7 4. Nc3 O-O 5. Bg2 d6 6. d4 Nc6 7. O-O Nd7 8. e4
e5 9. Be3 Nb6 10. b3 Bg4 11. Ne2 Bxf3 12. Bxf3 Qf6 13. Bg2 exd4 14. Bd2 Nd8 15.
Rc1 c5 16. Nf4 Qe7 17. Re1 Qd7 18. Nd3 Re8 19. f4 f6 20. Qf3 Rc8 21. g4 Rc7 22.
h4 Qf7 23. f5 Nc6 24. fxg6 hxg6 25. Rf1 Nd7 26. g5 Nde5 27. Nxe5 fxe5 28. Qh3
Qd7 29. Rf3 Qxh3 30. Bxh3 Rf7 31. Rcf1 Rxf3 32. Rxf3 Nd8 33. b4 Rf8 34. Kf2
Rxf3+ 35. Kxf3 Kf7 36. b5 Ke7 37. Bc8 b6 38. Kg4 Ne6 39. Bxe6 Kxe6 40. a4 Kf7
41. a5 Bf8 42. axb6 axb6 43. Ba5 bxa5 44. b6 d5 0-1

[Event "Ostravský koník 2014 - FIDE Open B"]
[Site "Ostrava, CZE"]
[Date "2014.04.27"]
[Round "2"]
[White "Hájek, Oskar"]
[Black "Kaplita, Ladislav"]
[Result "1-0"]
[WhiteElo "1947"]
[BlackElo "1678"]
[PlyCount "49"]

1. e4 c6 2. d4 d5 3. e5 Bf5 4. Nc3 e6 5. g4 Bg6 6. Nge2 Ne7 7. Nf4 Nd7 8. Be3
Qc7 9. Be2 a6 10. b4 b5 11. a4 Qb7 12. O-O h6 13. Ra2 Nb6 14. Qa1 Bh7 15. axb5
cxb5 16. Rxa6 Nc6 17. Bxb5 Bxb4 18. Rxa8+ Nxa8 19. Qa4 O-O 20. Bxc6 Qc7 21.
Qxb4 Qxc6 22. Ra1 Bxc2 23. Rc1 Bh7 24. Ncxd5 Qa6 25. Ne7+ 1-0

[Event "Ostravský koník 2014 - FIDE Open B"]
[Site "Ostrava, CZE"]
[Date "2014.04.27"]
[Round "2"]
[White "Ocko, Dominik"]
[Black "Sobek, Martin"]
[Result "1/2-1/2"]
[WhiteElo "1480"]
[BlackElo "1946"]
[PlyCount "82"]

1. e4 c5 2. Nf3 Nc6 3. d4 cxd4 4. Nxd4 g6 5. Nb3 Bg7 6. Be2 Nf6 7. Nc3 O-O 8.
O-O d6 9. Bg5 Bd7 10. f4 Rc8 11. Bf3 Na5 12. Qe2 Nc4 13. Rab1 Qb6+ 14. Kh1 Nxb2
15. Bxf6 Bxf6 16. Nd5 Bb5 17. Nxb6 Bxe2 18. Nxc8 Bxf1 19. Nxe7+ Bxe7 20. Rxf1
Rc8 21. Rf2 b6 22. g3 Rc3 23. Kg2 Nc4 24. Nd4 a5 25. Nb5 Rxc2 26. Rxc2 Ne3+ 27.
Kf2 Nxc2 28. Bd1 Nb4 29. Bb3 Kf8 30. Ke3 Ke8 31. h3 f6 32. Be6 Kd8 33. Kd2 Na6
34. Kc3 Nc5 35. Bd5 Kd7 36. g4 h6 37. Kd4 Na4 38. Bb3 Nc5 39. Bd5 Na4 40. Bb3
Nc5 41. Bd5 Na4 1/2-1/2

[Event "Ostravský koník 2014 - FIDE Open B"]
[Site "Ostrava, CZE"]
[Date "2014.04.27"]
[Round "2"]
[White "Tylecek, Drahomír"]
[Black "Safarík, Roman"]
[Result "1/2-1/2"]
[WhiteElo "1942"]
[BlackElo "1739"]
[PlyCount "68"]

1. e4 c5 2. Nf3 e6 3. d4 cxd4 4. Nxd4 a6 5. Nc3 Nc6 6. Be3 d6 7. Qd2 Nf6 8. f3
Be7 9. O-O-O Nxd4 10. Bxd4 e5 11. Be3 Be6 12. g4 Qa5 13. g5 Nd7 14. a3 O-O 15.
Kb1 Kh8 16. Be2 b5 17. Nd5 Qxd2 18. Rxd2 Bd8 19. Rc1 Nc5 20. b4 Na4 21. c4 bxc4
22. Bxc4 Bd7 23. Bb3 Bb5 24. Bxa4 Bxa4 25. Nb6 Bxb6 26. Bxb6 Bb5 27. Rxd6 Be2
28. Rc3 f5 29. gxf6 Rxf6 30. Rxf6 gxf6 31. Bf2 Kg7 32. Bg3 Rd8 33. f4 exf4 34.
Bxf4 Bd3+ 1/2-1/2

[Event "Ostravský koník 2014 - FIDE Open B"]
[Site "Ostrava, CZE"]
[Date "2014.04.27"]
[Round "2"]
[White "Cvik, Stepán"]
[Black "Lamser, Tomás"]
[Result "0-1"]
[WhiteElo "1723"]
[BlackElo "1941"]
[PlyCount "122"]

1. d4 Nf6 2. c4 g6 3. Nc3 Bg7 4. e4 d6 5. Nf3 O-O 6. Be2 c5 7. d5 Na6 8. O-O
Nc7 9. Nd2 a6 10. a4 Rb8 11. f4 Bd7 12. e5 Nfe8 13. Nf3 b5 14. axb5 axb5 15.
Be3 bxc4 16. Qd2 Bg4 17. exd6 exd6 18. Bxc4 Nf6 19. Ra7 Re8 20. b3 Ne4 21. Nxe4
Rxe4 22. Kh1 Nb5 23. Ra6 Bc8 24. Ra2 Qe8 25. Bg1 Bb7 26. Ng5 Re7 27. Qd3 Nd4
28. Nf3 Nxf3 29. Qxf3 Re1 30. h3 Rxf1 31. Qxf1 Qe4 32. Re2 Qf5 33. Qf3 Ra8 34.
Re7 Ra1 35. Re8+ Bf8 36. Kh2 Qb1 37. Qf2 Qd1 38. Qe3 Kg7 39. Be2 Qc1 40. Qxc1
Rxc1 41. Bc4 Rd1 42. Be2 Rd2 43. Bf3 Bxd5 44. Bxd5 Rxd5 45. Re3 Rf5 46. g3 d5
47. Kg2 d4 48. Rd3 Rf6 49. b4 Kg8 50. bxc5 Bxc5 51. Kf3 Rd6 52. Ke4 f5+ 53. Ke5
Rd8 54. Bxd4 Bf8 55. g4 Bg7+ 56. Ke6 fxg4 57. hxg4 Rxd4 58. Rf3 Re4+ 59. Kd5
Re1 60. f5 Kf7 61. Rh3 gxf5 0-1

[Event "Ostravský koník 2014 - FIDE Open B"]
[Site "Ostrava, CZE"]
[Date "2014.04.27"]
[Round "2"]
[White "Hotárek, Jaroslav"]
[Black "Kozelský, Marek"]
[Result "0-1"]
[WhiteElo "1668"]
[BlackElo "1933"]
[PlyCount "106"]

1. d4 d5 2. e3 Nf6 3. c4 e6 4. Nf3 c6 5. Nc3 Bd6 6. c5 Bc7 7. g3 Nbd7 8. Bg2
O-O 9. O-O Re8 10. Qd2 e5 11. b4 a6 12. Bb2 e4 13. Ng5 Ng4 14. Nh3 Qf6 15. Nf4
Qh6 16. Bh3 Nxe3 17. fxe3 Bxf4 18. Rxf4 Qxh3 19. Qg2 Qh6 20. Qf2 Nf6 21. Rh4
Qg6 22. Ne2 Ng4 23. Qf4 Qe6 24. h3 Nh6 25. g4 f6 26. Rxh6 gxh6 27. Qxh6 f5 28.
Qg5+ Qg6 29. Qh4 h6 30. Rf1 Qg5 31. Qxg5+ hxg5 32. gxf5 Rf8 33. Ng3 Rf6 34. Kg2
Bd7 35. Nh5 Rh6 36. Ng3 Rf8 37. Bc3 Rhf6 38. Be1 Bxf5 39. Nxf5 Rxf5 40. Rxf5
Rxf5 41. a4 Rf3 42. Bd2 Kh7 43. Bc1 Kg6 44. Bd2 Kh5 45. a5 Kh6 46. Bc1 Kg6 47.
Bd2 Kh5 48. Bc1 Kh4 49. Bd2 Rg3+ 50. Kh2 Rxh3+ 51. Kg2 g4 52. Be1+ g3 53. Kg1
Rh2 0-1

[Event "Ostravský koník 2014 - FIDE Open B"]
[Site "Ostrava, CZE"]
[Date "2014.04.27"]
[Round "2"]
[White "Sumsal, Václav"]
[Black "Hlubina, Pavel"]
[Result "1/2-1/2"]
[WhiteElo "1657"]
[BlackElo "1930"]
[PlyCount "65"]

1. d4 Nf6 2. Bf4 d6 3. h3 Nbd7 4. Nf3 g6 5. Nbd2 Bg7 6. e3 O-O 7. Bd3 Re8 8.
O-O e5 9. Bg5 h6 10. Bxf6 Bxf6 11. dxe5 dxe5 12. e4 Nc5 13. Bc4 Ne6 14. b4 Nf4
15. Kh2 Qe7 16. a3 g5 17. Ng1 Kg7 18. g3 Ng6 19. Qh5 Bd7 20. Rad1 a5 21. c3
axb4 22. axb4 Qd8 23. Nb3 b6 24. Rd2 Re7 25. Ra1 Rxa1 26. Nxa1 Qa8 27. Qd1 Qxe4
28. Bxf7 Bxh3 29. f3 Qc6 30. Bxg6 Kxg6 31. Kxh3 Qxc3 32. Qc2+ e4 33. Rd1
1/2-1/2

[Event "Ostravský koník 2014 - FIDE Open B"]
[Site "Ostrava, CZE"]
[Date "2014.04.27"]
[Round "2"]
[White "Sovadina, Jirí"]
[Black "Stonavský, Filip"]
[Result "1/2-1/2"]
[WhiteElo "1926"]
[BlackElo "1558"]
[PlyCount "42"]

1. d4 Nf6 2. Nf3 g6 3. g3 Bg7 4. Bg2 c6 5. O-O d5 6. Nbd2 Nbd7 7. c4 dxc4 8.
Nxc4 O-O 9. Bf4 Nd5 10. Bd2 Qe8 11. Re1 N7b6 12. b3 Nxc4 13. bxc4 Nf6 14. Ne5
Nd7 15. f4 Nxe5 16. fxe5 f6 17. exf6 Rxf6 18. Bf4 Bd7 19. Rb1 b6 20. e4 e5 21.
dxe5 Re6 1/2-1/2

[Event "Ostravský koník 2014 - FIDE Open B"]
[Site "Ostrava, CZE"]
[Date "2014.04.27"]
[Round "2"]
[White "Stanek, Stanislav"]
[Black "Halacz, Martin"]
[Result "1-0"]
[WhiteElo "1917"]
[BlackElo "1000"]
[PlyCount "110"]

1. d4 d5 2. Bf4 c5 3. e3 Nc6 4. Nf3 f5 5. c3 e6 6. Nbd2 Nf6 7. Ne5 Bd6 8. Bb5
Bd7 9. Qa4 Bxe5 10. Bxe5 a6 11. Bxc6 Bxc6 12. Qc2 Ne4 13. Nxe4 fxe4 14. dxc5
Bb5 15. O-O-O O-O 16. Qd2 Qa5 17. b3 Rac8 18. Kb2 Bd3 19. Bd6 Rf7 20. f4 b6 21.
c6 b5 22. c7 Qb6 23. Be5 a5 24. Qc1 b4 25. Rxd3 exd3 26. Rd1 Rf5 27. Rxd3 Rxe5
28. fxe5 Qxc7 29. Qf1 Qxe5 30. Qf4 Qxf4 31. exf4 Kf7 32. cxb4 axb4 33. Rd4 Rb8
34. g4 Kf6 35. Rd2 h6 36. h4 h5 37. gxh5 Kf5 38. Rd4 Rb5 39. a4 bxa3+ 40. Kxa3
e5 41. fxe5 Kxe5 42. Rg4 Rb7 43. b4 d4 44. Kb3 Rc7 45. Rg5+ Kf4 46. Rc5 Rd7 47.
Kc2 Ke4 48. Kd2 Ra7 49. b5 Ra2+ 50. Rc2 Ra3 51. Rb2 Rd3+ 52. Kc1 Rc3+ 53. Kb1
Rc7 54. b6 Rb7 55. Kc2 Ke3 1-0

[Event "Ostravský koník 2014 - FIDE Open B"]
[Site "Ostrava, CZE"]
[Date "2014.04.27"]
[Round "2"]
[White "Dobes, Ludek"]
[Black "Cech, Jan"]
[Result "1-0"]
[WhiteElo "2066"]
[BlackElo "1615"]
[PlyCount "85"]

1. Nf3 Nf6 2. d4 d6 3. c4 g6 4. Nc3 Bg7 5. g3 O-O 6. Bg2 c6 7. O-O Bg4 8. h3
Bf5 9. Nh4 Bc8 10. e4 Nbd7 11. Be3 Nb6 12. b3 e5 13. Qd2 Re8 14. Rad1 Qc7 15.
Qc2 a6 16. Rd2 Be6 17. d5 cxd5 18. cxd5 Bd7 19. Rc1 Rac8 20. Qd1 Na8 21. Rdc2
Qb8 22. a4 b5 23. a5 b4 24. Na2 Qb5 25. Rxc8 Rxc8 26. Rxc8+ Bxc8 27. Qc2 Bd7
28. Bd2 Qxa5 29. Nxb4 Qb6 30. Nc6 Bxc6 31. dxc6 Nc7 32. Be3 Qb4 33. Bf3 Qa5 34.
Ng2 Bf8 35. Qc4 Qb5 36. Qxb5 axb5 37. Bb6 Nfe8 38. Ne3 Be7 39. Be2 Bg5 40. Nd5
Bd8 41. Bxb5 Kf8 42. Bc4 Nxd5 43. Bxd8 1-0

[Event "Ostravský koník 2014 - FIDE Open B"]
[Site "Ostrava, CZE"]
[Date "2014.04.27"]
[Round "2"]
[White "Bok, Zdenek"]
[Black "Kocur, Valter"]
[Result "0-1"]
[WhiteElo "1502"]
[BlackElo "2061"]
[PlyCount "82"]

1. f4 d5 2. d4 Nf6 3. Nf3 e6 4. e3 Be7 5. Bd3 O-O 6. O-O c5 7. c3 b6 8. Ne5 Ne4
9. Nd2 f5 10. Nxe4 fxe4 11. Be2 c4 12. Bd2 Qe8 13. Kh1 Nc6 14. Qa4 Bb7 15. Bg4
Bd6 16. Rae1 a6 17. Kg1 b5 18. Qd1 Rf7 19. Re2 Bc8 20. Ref2 g6 21. Bh3 Rg7 22.
Kh1 a5 23. a3 Ne7 24. Qe2 Nf5 25. Bxf5 exf5 26. g3 g5 27. Rg2 Kh8 28. Rfg1 g4
29. Qf1 Ba6 30. Rf2 Rga7 31. h4 b4 32. Rh2 h5 33. Qd1 bxa3 34. bxa3 Kg7 35. Be1
Bb5 36. Ra2 Ba4 37. Qd2 Rb7 38. Rb2 Bb3 39. Rb1 Qa4 40. Ra1 Re8 41. Rg2 Bd1 0-1

[Event "Ostravský koník 2014 - FIDE Open B"]
[Site "Ostrava, CZE"]
[Date "2014.04.27"]
[Round "2"]
[White "Radecki, Petr"]
[Black "Sikora, Matous"]
[Result "1-0"]
[WhiteElo "2013"]
[BlackElo "1661"]
[PlyCount "93"]

1. d4 Nf6 2. c4 e6 3. Nf3 b6 4. e3 Bb7 5. Bd3 Be7 6. Nc3 O-O 7. e4 d5 8. cxd5
exd5 9. e5 Ne4 10. O-O c5 11. Re1 Nxc3 12. bxc3 Nc6 13. Bf4 Re8 14. Rc1 c4 15.
Bb1 Bc8 16. Qc2 g6 17. Qd2 Bf8 18. Bg5 Be7 19. Bh6 Be6 20. Qf4 Qd7 21. Re3 Kh8
22. Ng5 Nd8 23. Qh4 Kg8 24. Qf4 Bf5 25. Bxf5 Qxf5 26. Qg3 Bxg5 27. Bxg5 Ne6 28.
Bf6 Qf4 29. Rce1 Qxg3 30. hxg3 Ng7 31. Rb1 Re6 32. Rb5 Nf5 33. Re1 Ne7 34. Bxe7
Rxe7 35. Rxd5 Rae8 36. Rb1 Rc7 37. Rd6 Re6 38. Rd8+ Kg7 39. Rb5 f6 40. f4 fxe5
41. fxe5 a6 42. Rbd5 b5 43. a3 g5 44. R8d7+ Rxd7 45. Rxd7+ Kg6 46. g4 h5 47.
Rd6 1-0

[Event "Ostravský koník 2014 - FIDE Open B"]
[Site "Ostrava, CZE"]
[Date "2014.04.27"]
[Round "2"]
[White "Veselský, Jan"]
[Black "Ling, Bronislav"]
[Result "1/2-1/2"]
[WhiteElo "1655"]
[BlackElo "1981"]
[PlyCount "73"]

1. d4 Nf6 2. c4 e6 3. Nc3 Bb4 4. Qc2 O-O 5. Nf3 d5 6. Bg5 h6 7. Bh4 b6 8. e3
Bb7 9. Bd3 Be7 10. O-O Nbd7 11. Rac1 c5 12. cxd5 Nxd5 13. Bxe7 Qxe7 14. a3 Rac8
15. Nxd5 Bxd5 16. Qd2 cxd4 17. exd4 Nf6 18. Ne5 Bb7 19. Bb1 Qd6 20. Rcd1 Rc7
21. f3 Rfc8 22. Qd3 h5 23. Qe3 g6 24. Qh6 Qf8 25. Qg5 Nd5 26. Rfe1 f6 27. Qxg6+
Rg7 28. Qxh5 fxe5 29. Qxe5 Nf4 30. Rd2 Bxf3 31. Be4 Bxe4 32. Qxe4 Nh3+ 33. Kh1
Nf2+ 34. Rxf2 Qxf2 35. Qxe6+ Kh7 36. Qh3+ Kg6 37. Qe6+ 1/2-1/2

[Event "Ostravský koník 2014 - FIDE Open B"]
[Site "Ostrava, CZE"]
[Date "2014.04.27"]
[Round "2"]
[White "Pindjak, Michal"]
[Black "Albertovic, Lukás"]
[Result "0-1"]
[WhiteElo "1766"]
[BlackElo "1923"]
[PlyCount "68"]

1. e4 e5 2. Nf3 Nc6 3. Bc4 Nf6 4. d3 Bc5 5. h3 d6 6. c3 Be6 7. Bxe6 fxe6 8. Qb3
Qd7 9. Be3 Bxe3 10. fxe3 O-O-O 11. Nbd2 d5 12. O-O-O Rhe8 13. d4 exd4 14. exd4
dxe4 15. Ne5 Qd5 16. Ndc4 Na5 17. Nxa5 Qxa5 18. Rhf1 Rd6 19. Nc4 Qg5+ 20. Kb1
Rc6 21. g4 Nd5 22. Ne5 Rb6 23. Qa3 Qd8 24. Rf7 Qd6 25. Qa5 Ra6 26. Qb5 Nxc3+
27. bxc3 Rb6 28. Qxb6 Qxb6+ 29. Kc2 Qa6 30. Rxg7 Qxa2+ 31. Kc1 e3 32. Rxh7 Rf8
33. Rf7 Rxf7 34. Nxf7 Qf2 0-1

[Event "Ostravský koník 2014 - FIDE Open B"]
[Site "Ostrava, CZE"]
[Date "2014.04.27"]
[Round "2"]
[White "Holis, Jaroslav"]
[Black "Kosár ml., Mikulás"]
[Result "0-1"]
[WhiteElo "1621"]
[BlackElo "1896"]
[PlyCount "48"]

1. e4 e5 2. Nf3 Nf6 3. d3 Nc6 4. Nc3 Bc5 5. Be3 Bxe3 6. fxe3 d6 7. Be2 h6 8.
Qd2 Be6 9. O-O-O Ne7 10. d4 Ng6 11. dxe5 dxe5 12. Qxd8+ Rxd8 13. Rxd8+ Kxd8 14.
Rd1+ Kc8 15. h3 c6 16. g4 b6 17. Nd2 Kc7 18. Bc4 Bxc4 19. Nxc4 b5 20. Nd2 Rd8
21. b4 Nh4 22. Rg1 Nh7 23. Nd1 Rxd2 24. Kxd2 Nf3+ 0-1

[Event "Ostravský koník 2014 - FIDE Open B"]
[Site "Ostrava, CZE"]
[Date "2014.04.27"]
[Round "2"]
[White "Blecha, Josef"]
[Black "Fridrisek, Tomás"]
[Result "1-0"]
[WhiteElo "1890"]
[BlackElo "1473"]
[PlyCount "51"]

1. e4 d5 2. exd5 Nf6 3. d4 Qxd5 4. Nf3 Bg4 5. Be2 g6 6. c4 Qd6 7. Nc3 c6 8. O-O
Bg7 9. Qb3 b6 10. c5 Qe6 11. Bc4 Qf5 12. Bxf7+ Kf8 13. Ng5 h6 14. Be6 Qd3 15.
Bxg4 hxg5 16. Rd1 Qa6 17. Be2 Qb7 18. Bxg5 Qc7 19. h3 Rh7 20. Qe6 Nbd7 21. Bc4
Ke8 22. Re1 Kd8 23. Qxe7+ Kc8 24. Ba6+ Kb8 25. Bf4 Qxf4 26. Qd8# 1-0

[Event "Ostravský koník 2014 - FIDE Open B"]
[Site "Ostrava, CZE"]
[Date "2014.04.27"]
[Round "2"]
[White "Smrek, Dusan"]
[Black "Novák, Borivoj"]
[Result "1/2-1/2"]
[WhiteElo "1815"]
[BlackElo "1844"]
[PlyCount "123"]

1. d4 d5 2. c4 c6 3. Nf3 Nf6 4. g3 g6 5. Bg2 Bg7 6. O-O O-O 7. Nbd2 Bg4 8. h3
Bxf3 9. Nxf3 dxc4 10. Qc2 Nbd7 11. Qxc4 Nb6 12. Qc2 e6 13. Rd1 Qe7 14. Bd2 Rad8
15. Rac1 Rfe8 16. a3 Nfd7 17. Bg5 f6 18. Bd2 Qf7 19. a4 e5 20. a5 Nc8 21. a6 e4
22. Ne1 f5 23. axb7 Ne7 24. Bg5 Bf6 25. Bxf6 Nxf6 26. Qa4 Rb8 27. Qxa7 Qb3 28.
e3 Rxb7 29. Qc5 Nfd5 30. Bf1 Qb4 31. Qxb4 Rxb4 32. Rc2 Reb8 33. Rdd2 Kg7 34.
Ng2 g5 35. Be2 Kg6 36. f3 Rb3 37. Kf2 f4 38. Rc3 Nxc3 39. bxc3 fxg3+ 40. Kxg3
exf3 41. Bxf3 Nf5+ 42. Kf2 Rxc3 43. e4 Ne7 44. d5 cxd5 45. exd5 Rf8 46. Ne1 h5
47. Kg2 Nf5 48. Be4 Re3 49. Bxf5+ Rxf5 50. d6 Rxe1 51. d7 Rf8 52. d8=Q Rxd8 53.
Rxd8 h4 54. Rf8 Re3 55. Rg8+ Kf6 56. Rf8+ Kg7 57. Rf2 Rg3+ 58. Kh2 Rb3 59. Kg2
g4 60. hxg4 Rg3+ 61. Kh2 Rxg4 62. Rg2 1/2-1/2

[Event "Ostravský koník 2014 - FIDE Open B"]
[Site "Ostrava, CZE"]
[Date "2014.04.27"]
[Round "2"]
[White "Badacová, Irena"]
[Black "Balon, René"]
[Result "1-0"]
[WhiteElo "1818"]
[BlackElo "1759"]
[PlyCount "50"]

1. e4 c6 2. d4 d5 3. e5 Bf5 4. Nf3 e6 5. Nc3 Nd7 6. g3 c5 7. dxc5 Bxc5 8. Bg2
a6 9. O-O Rc8 10. Qe2 Ne7 11. Bg5 h6 12. Bxe7 Qxe7 13. Rad1 O-O 14. Kh1 Bb4 15.
Nd4 Bg6 16. Nb1 f6 17. exf6 Rxf6 18. c3 Bd6 19. f4 Kh7 20. Nd2 Nc5 21. N2f3
Rcf8 22. Rfe1 Ne4 23. Nh4 Bf5 24. Ndxf5 exf5 25. Rxd5 Bc5 1-0

[Event "Ostravský koník 2014 - FIDE Open B"]
[Site "Ostrava, CZE"]
[Date "2014.04.27"]
[Round "2"]
[White "Ramian, Zdenek"]
[Black "Palanek, René"]
[Result "1-0"]
[WhiteElo "1775"]
[BlackElo "1090"]
[PlyCount "77"]

1. d4 d5 2. Nf3 Nf6 3. c4 c6 4. cxd5 cxd5 5. Nc3 Nc6 6. Bf4 Bf5 7. a3 e6 8. e3
Bd6 9. Bxd6 Qxd6 10. Be2 Bg4 11. Nd2 Bxe2 12. Qxe2 O-O 13. O-O Rfe8 14. Nf3 e5
15. Nb5 Qb8 16. dxe5 Nxe5 17. Rac1 Nxf3+ 18. Qxf3 Rc8 19. Qe2 a6 20. Nd4 Rxc1
21. Rxc1 Qe5 22. Qc2 Ng4 23. Qc8+ Qe8 24. Qxg4 h5 25. Qxh5 Rc8 26. Rxc8 Qxc8
27. Qd1 g6 28. Qc2 Qxc2 29. Nxc2 b5 30. Nb4 Kg7 31. Nxd5 a5 32. b4 axb4 33.
axb4 f5 34. Nc3 Kf7 35. Nxb5 Ke7 36. Nd4 Kd6 37. Kf1 g5 38. Nxf5+ Kc7 39. Ke2
1-0

[Event "Ostravský koník 2014 - FIDE Open B"]
[Site "Ostrava, CZE"]
[Date "2014.04.27"]
[Round "2"]
[White "Kocí, Tomás"]
[Black "Krejcok, Tobiás"]
[Result "0-1"]
[WhiteElo "1710"]
[BlackElo "1314"]
[PlyCount "112"]

1. e4 e5 2. Bc4 Nf6 3. d3 Bc5 4. Nf3 d6 5. O-O Nc6 6. c3 O-O 7. h3 Be6 8. Nbd2
Qd7 9. Bxe6 fxe6 10. b4 Bb6 11. Nc4 Rad8 12. Nxb6 axb6 13. Re1 Qe7 14. b5 Nb8
15. a4 Nbd7 16. d4 exd4 17. cxd4 e5 18. Qc2 Rc8 19. dxe5 dxe5 20. Ba3 Nc5 21.
Bxc5 bxc5 22. Rac1 b6 23. Nd2 h6 24. Nc4 Nd7 25. a5 Qf6 26. a6 c6 27. Na3 Ra8
28. Rcd1 Qe6 29. Qc4 Qxc4 30. Nxc4 cxb5 31. Rxd7 bxc4 32. a7 Rf7 33. Rd6 Rfxa7
34. Rxb6 c3 35. Rbb1 Ra4 36. Rbc1 Rc4 37. Rc2 Rd8 38. Rec1 Rd3 39. f3 Kf7 40.
Kf1 Re3 41. Kf2 Rd3 42. Ke2 Rcd4 43. Rxc3 Rd2+ 44. Kf1 Ra2 45. R1c2 Rxc2 46.
Rxc2 c4 47. Ke2 Ke6 48. Rd2 Kd6 49. Kd1 Kc5 50. Kc2 Kb4 51. Re2 Rd6 52. g3 Ra6
53. Re3 Ra2+ 54. Kc1 c3 55. Kb1 Rf2 56. Rd3 Kb3 0-1

[Event "Ostravský koník 2014 - FIDE Open B"]
[Site "Ostrava, CZE"]
[Date "2014.04.27"]
[Round "2"]
[White "Novácek, Pavel"]
[Black "Opela, Radek"]
[Result "1-0"]
[WhiteElo "1979"]
[BlackElo "1329"]
[PlyCount "89"]

1. e4 c5 2. Nf3 d6 3. d4 cxd4 4. Nxd4 Nf6 5. Nc3 a6 6. Be2 e5 7. Nb3 Be7 8. Bg5
Be6 9. Bxf6 Bxf6 10. Qd3 O-O 11. O-O-O Be7 12. Nd5 Bxd5 13. Qxd5 Qc7 14. Kb1
Nd7 15. g4 Rac8 16. c3 b5 17. Qd2 Nb6 18. Na1 Rfd8 19. Bf3 Nc4 20. Qe2 Bg5 21.
Rd3 Qb6 22. Nc2 a5 23. Rhd1 b4 24. cxb4 axb4 25. Rb3 Qc5 26. Rxb4 Nxb2 27. Rxb2
Rb8 28. Rd3 Rxb2+ 29. Kxb2 Rb8+ 30. Rb3 Rxb3+ 31. axb3 h6 32. b4 Qb6 33. Kb3
Qd8 34. Ne3 Qa8 35. Nd5 Qa1 36. Qb2 Qe1 37. b5 Qa5 38. Kc4 Qa7 39. Kd3 Bd8 40.
Ke2 Bb6 41. Nxb6 Qxb6 42. Qb4 Qa7 43. Qc4 Qa3 44. Qc8+ Kh7 45. Qa6 1-0

[Event "Ostravský koník 2014 - FIDE Open B"]
[Site "Ostrava, CZE"]
[Date "2014.04.27"]
[Round "2"]
[White "Tatarcík, Vladimír"]
[Black "Szotkowski, David"]
[Result "0-1"]
[WhiteElo "1889"]
[BlackElo "1300"]
[PlyCount "42"]

1. b4 e5 2. Bb2 Bxb4 3. Bxe5 Nf6 4. c4 O-O 5. Nc3 Re8 6. Nf3 Nc6 7. Bxf6 Qxf6
8. Nd5 Qd8 9. e3 d6 10. Bd3 Be6 11. Qb1 Bc5 12. Bxh7+ Kh8 13. Bc2 Bb6 14. h4
Bxd5 15. cxd5 Ne5 16. Qb4 Qf6 17. Qe4 Nxf3+ 18. Qxf3 Qxa1+ 19. Ke2 Qxh1 20.
Qh5+ Kg8 21. Bh7+ Kf8 0-1

[Event "Ostravský koník 2014 - FIDE Open B"]
[Site "Ostrava, CZE"]
[Date "2014.04.27"]
[Round "2"]
[White "Mikesch, Dalibor"]
[Black "Týn, Marek"]
[Result "0-1"]
[WhiteElo "1293"]
[BlackElo "1878"]
[PlyCount "120"]

1. e4 c5 2. Nf3 Nc6 3. d4 cxd4 4. Nxd4 Nf6 5. Nc3 e5 6. Nxc6 bxc6 7. Bg5 Bb4 8.
Bc4 h6 9. Bh4 Qa5 10. O-O Bxc3 11. bxc3 Qxc3 12. Qe2 d6 13. Bd3 Be6 14. Bxf6
gxf6 15. Qf3 Ke7 16. Rab1 Rab8 17. a4 Qd2 18. Rfd1 Qg5 19. Rdc1 Ba2 20. Ra1 Rb2
21. Bc4 Qd2 22. Bxa2 Rxa2 23. Qb3 Rxa1 24. Rxa1 Qd4 25. Re1 Qb6 26. Qg3 Qb4 27.
f3 Rb8 28. Kf1 Qc4+ 29. Kg1 Qxc2 30. h3 Rb1 31. Rxb1 Qxb1+ 32. Kh2 Qc1 33. Qf2
Qc5 34. Qh4 Qe3 35. a5 Qf4+ 36. Qxf4 exf4 37. Kg1 Ke6 38. Kf2 f5 39. Ke2 fxe4
40. fxe4 f5 41. exf5+ Kxf5 42. Kf3 c5 43. Ke2 d5 44. Kd3 h5 45. a6 h4 46. Ke2
Ke4 47. Kf2 d4 48. Ke2 c4 49. Kd2 c3+ 50. Kc2 Ke3 51. Kc1 Ke2 52. g3 fxg3 53.
Kc2 d3+ 54. Kc1 d2+ 55. Kb1 d1=Q+ 56. Ka2 Qc2+ 57. Ka3 Qb2+ 58. Ka4 Kd3 59. Ka5
Kc4 60. Ka4 Qb4# 0-1